পরিসংখ্যানের রুপরেখা / (Record no. 3002)
[ view plain ]
| 000 -LEADER | |
|---|---|
| fixed length control field | 00862cam a2200229 a 4500 |
| 001 - CONTROL NUMBER | |
| control field | 3002 |
| 003 - CONTROL NUMBER IDENTIFIER | |
| rucl marc code | BD-RjUL |
| 005 - DATE AND TIME OF LATEST TRANSACTION | |
| control field | 20211208233645.0 |
| 008 - FIXED-LENGTH DATA ELEMENTS--GENERAL INFORMATION | |
| fixed length control field | 150726s1973 bg 000 0 ben |
| 035 ## - SYSTEM CONTROL NUMBER | |
| System control number | (BD-RjUL)3030 |
| 040 ## - CATALOGING SOURCE | |
| Original cataloging agency | BD-RjUL |
| Transcribing agency | BD-RjUL |
| Modifying agency | BD-RjUL |
| Language of cataloging | ben |
| 041 ## - LANGUAGE CODE | |
| Language code of text/sound track or separate title | ben |
| 082 ## - DEWEY DECIMAL CLASSIFICATION NUMBER | |
| Classification number | 519.5 |
| Author mark and year | ALP 1973 |
| 100 ## - MAIN ENTRY--PERSONAL NAME | |
| Personal name | আলী, মুহম্মদ ইদ্রিস |
| 9 (RLIN) | 117113 |
| 245 10 - TITLE STATEMENT | |
| Title | পরিসংখ্যানের রুপরেখা / |
| Statement of responsibility, etc. | মুহম্মদ ইদ্রিস আলী |
| 250 ## - EDITION STATEMENT | |
| Edition statement | ২য় সং . |
| 260 ## - PUBLICATION, DISTRIBUTION, ETC. (IMPRINT) | |
| Place of publication, distribution, etc. | বগুড়া : |
| Name of publisher, distributor, etc. | সাহিত্য কুটির, |
| Date of publication, distribution, etc. | ১৯৭৩ |
| 300 ## - PHYSICAL DESCRIPTION | |
| Pagination | ২৯৮ পৃ. : |
| Illustrations | চিত্র ; |
| Size | ২০ সেমি. |
| 650 ## - SUBJECT ADDED ENTRY--TOPICAL TERM | |
| Topical term or geographic name as entry element | গাণিতিক পরিসংখ্যান |
| 9 (RLIN) | 117077 |
| Topical term or geographic name as entry element | Mathematical Statistics |
| 9 (RLIN) | 117114 |
| 942 ## - ADDED ENTRY ELEMENTS (KOHA) | |
| Source of classification or shelving scheme | Dewey Decimal Classification |
| Koha item type | Books |
| Lost status | Source of classification or shelving scheme | Damaged status | Not for loan | Collection code | Permanent Location | Current Location | Shelving location | Date acquired | Source of acquisition | Cost, normal purchase price | Total Checkouts | Full call number | Date last seen | Date checked out | Copy number | Koha item type |
|---|---|---|---|---|---|---|---|---|---|---|---|---|---|---|---|---|
| Dewey Decimal Classification | Non-fiction | Central Library, University of Rajshahi | Central Library, University of Rajshahi | 04/05/1978 | Ureka Book Akademi, Rajshahi | 15.00 | 1 | B 519.5 ALP 1973 | 05/08/2015 | 27/07/2015 | C-2 | Books | ||||
| Dewey Decimal Classification | Non-fiction | Central Library, University of Rajshahi | Central Library, University of Rajshahi | 04/05/1978 | Ureka Book Akademi, Rajshahi | 15.00 | 1 | B 519.5 ALP 1973 | 28/02/2017 | 23/02/2017 | C-3 | Books | ||||
| Dewey Decimal Classification | Not For Loan | Non-fiction | Central Library, University of Rajshahi | Central Library, University of Rajshahi | Reading Room | 04/05/1978 | Ureka Book Akademi, Rajshahi | 15.00 | B 519.5 ALP 1973 | 19/04/2017 | C-1 | Books |